The logic of time : a model-theoretic investigation into the varieties of temporal ontology and temporal discourse

Αποθηκεύτηκε σε:
Λεπτομέρειες βιβλιογραφικής εγγραφής
Κύριος συγγραφέας: Benthem, Johan van, 1949-
Μορφή: Βιβλίο
Γλώσσα:English
Δημοσίευση: Dordrecht ; Boston : Kluwer, c1991.
Έκδοση:2nd ed.
Σειρά:Synthese library ; 156
Θέματα:
Ετικέτες: Προσθήκη ετικέτας
Δεν υπάρχουν, Καταχωρήστε ετικέτα πρώτοι!

MARC

LEADER 00000cam a2200000 i 4500
001 1/928
008 000417s1991 gw | ||| |||| ||eng||
020 |a 0792310810 
035 |l 10059833 
040 |a GR-MyUa  |b gre  |e AACR2 
041 0 |a eng 
082 7 |a 115   |2 (22) 
100 1 |a Benthem, Johan van,   |d 1949- 
245 1 4 |a The logic of time :   |b a model-theoretic investigation into the varieties of temporal ontology and temporal discourse /   |c Johan Van Benthem. 
250 |a 2nd ed. 
260 |a Dordrecht ;   |a Boston :   |b Kluwer,   |c c1991. 
300 |a xxii, 280 σ. :   |b εικ. ;   |c 23 εκ. 
490 1 |a (Synthese library ;   |v 156) 
504 |a Περιλαμβάνει βιβλιογραφικές παραπομπές και ευρετήρια. 
650 0 0 |a Time. 
650 0 0 |a Ontology. 
650 0 0 |a Grammar, Comparative and general  |x Tense. 
650 0 0 |a Tense (Logic) 
830 0 |a Synthese library ;  |v 156 
852 |a INST  |b SAMOS  |e 20000417  |h 115 BEN  |p 005300017721  |q 005300017721  |t BK  |y 0 
901 |a BIBL3-2000-2 
922 |a 3ΕΛΗ  |b 200003  |c ΤΠΕΣ  |d ΠΑΠΑΣΩΤΗΡΙΟΥ 
950 |a 133-1999-07-20 
970 |a ΓΕΝΟΥΖΟΥ  |b ΧΡΥΣΑΝΘΗ  |z 2000/05/09